Introduction to operations management (Record no. 1346)
[ view plain ]
| 000 -LEADER | |
|---|---|
| fixed length control field | 01217cam a2200181 a 4500 |
| 020 ## - INTERNATIONAL STANDARD BOOK NUMBER | |
| ISBN | 0273655787 |
| 050 ## - CALL NUMBER | |
| Classification number | TS155 |
| 100 ## - AUTHOR | |
| Personal name | Naylor, John |
| 245 ## - TITLE | |
| Title | Introduction to operations management |
| Statement of responsibility, etc | John Naylor |
| 250 ## - EDITION | |
| Edition statement | 2nd ed. |
| 260 ## - PUBLICATION INFORMATION | |
| Place of publication | Harlow : |
| Name of publisher | Financial Times Prentice Hall |
| Year of publication | 2002. |
| 300 ## - DESCRIPTION | |
| Number of Pages | x, 575 p. :. |
| Other physical details | ill. ; |
| Dimensions | 25 cm. |
| 500 ## - NOTES | |
| General note | Includes index. |
| 505 ## - FORMATTED CONTENTS NOTE | |
| Table of Content | PART 1: PRODUCTION AND OPERATIONS IN CONTEXT.1. The Scope of Operations Management.<br/>2. Operations Management in the Organisational Context.<br/>3. Technology and Operations Management.<br/>4. Planning and Control<br/>5. Organising and Staffing for Operations.<br/>6. Studying Work.<br/> PART 2: LOCATION AND LAYOUT.<br/>7. Facility Location.<br/>8. Facility Layout: Manufacture and Isolated Service.<br/>9. Facility Layout: Personal and Self Service.<br/>10. Maintenance. PART 3: OPERATIONS PLANNING AND CONTROL.<br/>11. Capacity Management.<br/>12. Scheduling. <br/>13. Supply Chain Management. <br/>14. Project Management. <br/>PART 4: QUALITY AND OPERATIONS IMPROVEMENT.<br/>15. Control of Processes and Inventories. <br/>16. Quality Management.<br/>17. Investigating and Controlling Quality. |
| 650 ## - SUBJECTS | |
| Topical Term | Production management. |
| 700 ## - OTHER AUTHORS | |
| Personal name | aylor, John, |
| 942 ## - ADDED ENTRY ELEMENTS (KOHA) | |
| Koha item type | Books |
| Withdrawn status | Lost status | Home library | Current library | Shelving location | Date acquired | Full call number | Accession Number | Koha item type | Collection code |
|---|---|---|---|---|---|---|---|---|---|
| Methodist University Library Main | Methodist University Library Main | 09/01/2018 | TS155 | 28393 | Books | Reference | |||
| Methodist University Library Main | Methodist University Library Main | 09/01/2018 | TS155 | 28394 | Books | Non-fiction | |||
| Methodist University Library Main | Methodist University Library Main | General Stacks | 10/01/2018 | TS155 | 31031 | Books | Non-fiction | ||
| Methodist University Library Main | Methodist University Library Main | General Stacks | 10/01/2018 | TS155 | 31030 | Books | Non-fiction | ||
| Methodist University Library Main | Methodist University Library Main | General Stacks | 10/01/2018 | TS155 | 31029 | Books | Reference | ||
| Methodist University Library Main | Methodist University Library Main | General Stacks | 10/01/2018 | TS155 | 31032 | Books | Reference | ||
| Methodist University Library Tema | Methodist University Library Tema | General Stacks | 05/05/2010 | TS155 | 31028 | Books |